|
|
|
|
| LEADER |
00000nam0a2200000 4500 |
| 001 |
78364 |
| 005 |
20231031093822.0 |
| 035 |
|
|
|a (RuTPU)RU\TPU\book\83987
|
| 090 |
|
|
|a 78364
|
| 100 |
|
|
|a 20050618d1977 m y0rusy50 ca
|
| 101 |
0 |
|
|a rus
|
| 102 |
|
|
|a RU
|
| 105 |
|
|
|a a j 001zy
|
| 200 |
1 |
|
|a Электрический привод
|e учебное пособие для средних специальных учебных заведений электротехнических специальностей
|f Г. П. Хализев
|
| 210 |
|
|
|a Москва
|c Высшая школа
|d 1977
|
| 215 |
|
|
|a 256 с.
|c ил.
|
| 610 |
1 |
|
|a электроприводы
|
| 610 |
1 |
|
|a электроприводы асинхронные
|
| 610 |
1 |
|
|a электроприводы переменного тока
|
| 610 |
1 |
|
|a электроприводы постоянного тока
|
| 610 |
1 |
|
|a электроприводы синхронные
|
| 610 |
1 |
|
|a резисторы
|
| 610 |
1 |
|
|a системы управления электроприводами
|
| 675 |
|
|
|a 62-83-52(075.8)
|v 3
|
| 700 |
|
1 |
|a Хализев
|b Г. П.
|g Георгий Петрович
|
| 801 |
|
1 |
|a RU
|b 63413507
|c 20050618
|g PSBO
|
| 801 |
|
2 |
|a RU
|b 63413507
|c 20140113
|g PSBO
|
| 942 |
|
|
|c BK
|